Dátum zdaniteľného plnenia pre odvod DPH a odpočet DPH v roku 2016

Poukázanie na správny dátum zdaniteľného plnenia pre odvod DPH a odpočet DPH na praktickom príklade zálohovej faktúry na dodanie tovaru s inštaláciou od rakúskeho dodávateľa.

Gespeichert in:
Bibliographische Detailangaben
1. Verfasser: Válek, Juraj, 1981-
Format: Buchkapitel
Sprache:Slowakisch
Schlagworte:
Tags: Tag hinzufügen
Keine Tags, Fügen Sie das erste Tag hinzu!

MARC

LEADER 00000naa a2200000 4500
001 0222433
005 20240502073637.2
041 0 |a slo 
044 |a SK 
245 1 0 |a Dátum zdaniteľného plnenia pre odvod DPH a odpočet DPH v roku 2016  |c Juraj Válek 
520 |a Poukázanie na správny dátum zdaniteľného plnenia pre odvod DPH a odpočet DPH na praktickom príklade zálohovej faktúry na dodanie tovaru s inštaláciou od rakúskeho dodávateľa. 
610 2 0 |a dane 
610 2 0 |a dane z hodnoty pridanej 
610 2 0 |a faktúry 
610 2 0 |a odvody 
610 2 0 |a odpočet dane 
100 1 |a Válek, Juraj, 1981-